000 01291cam a2200289 4500
008 000000n2000 000 0 eng u
020 _a1900168529
035 _a(Sirsi) u107362
041 _aeng
050 _a693.1
100 _aGibbs, Peter
245 _aCorrosion in masonry clad early 20th century steel framed buildings
260 _aEdinburgh
_bHistoric Scotland
_c2000
300 _avi, 84p. : ill. ; 30cm.
350 _a0
490 _aTechnical Advice Note
_v20
520 _aIntroduction to corrosion in masonry clad steel framed buildings (excluding housing) constructed in Scotland, England and Wales during the first half of the twentieth century. It draws together existing information on current methodologies used in the repair of corrosion, it also presents information on newer technologies and more appropriate methodologies for the repair of historic buildings. The principles described are generally applicable to all types of cladding materials
650 _aCORROSION
650 _aHISTORIC BUILDINGS
650 _aHISTORIC SCOTLAND
650 _aMASONRY CLADDING
650 _aSCOTLAND
650 _aSTEEL FRAMED BUILDINGS
690 _aBUILDING AND CONSTRUCTION-REPAIRS AND MAINTENANCE
710 _aHistoric Scotland
_92914
942 _n0
999 _c100687
_d100687